| 000 | 00793nam a2200241 a 4500 | ||
|---|---|---|---|
| 001 | BRL_392 | ||
| 005 | 20190320210723.0 | ||
| 008 | 060813s1997----nyua######---#000-0#emg-# | ||
| 020 | _a0789203782 | ||
| 041 | _aeng | ||
| 044 | _anyu | ||
| 050 | 4 |
_aNK999 _b.F65 1997 |
|
| 245 | 1 | 0 |
_aFolk Art of Spain and the Americas _bEl Alma del Pueblo _cEdited and with an Introduction by Marion Oettinger Jr.; Traslated by Mervyn Samuel |
| 260 |
_aNueva York _bAbbeville Press _c1997 |
||
| 300 |
_a199 p. _bil. (algunas a color) _c29 cm. |
||
| 500 | _aAu409 | ||
| 650 | 1 | 4 |
_aArte popular _xExposiciones _zEspaña _923760 |
| 650 | 1 | 4 |
_aArte popular _xExposiciones _zAmérica Latina _923761 |
| 700 | 1 |
_aOettinger, Marion _eed. _94324 |
|
| 700 | 1 |
_aMervyn Samuel _etr. _923762 |
|
| 902 | _aGRL | ||
| 942 |
_2lcc _cB |
||
| 999 |
_c9205 _d9205 |
||